Statistics for Paramedic Acronyms

Click here to take the quiz!

General Stats

  • This quiz has been taken 59 times
    (47 since last reset)
  • The average score is 14 of 30

Answer Stats

AcronymAnswer% Correct
EREmergency Room
95%
ICUIntensive Care Unit
87%
OROperating Room
87%
O2Oxygen
87%
BPBlood Pressure
82%
BMIBody Mass Index
79%
DNRDo Not Resuscitate
74%
EMTEmergency Medical Technician
64%
DOADead on Arrival
59%
EKGElectrocardiogram
59%
IV
Intravenous
51%
GIGastrointestinal
51%
V-FibVentricular Fibrillation
51%
EMSEmergency Medical Services
49%
V-TachVentricular Tachycardia
46%
AFibAtrial Fibrillation
44%
CPRCardiopulmonary
Resuscitation
38%
SOBShortness of Breath
36%
OTCOver the Counter
33%
ECHOEchocardiogram
31%
MRIMagnetic Resonance Imaging
28%
RxPrescription
26%
SSRISelective Serotonin Reuptake Inhibitor
23%
HTNHypertension
21%
PRNAs Needed
15%
STATImmediately
15%
PICParamedic in Charge
13%
qdEvery Day
10%
LODDLine of Duty Death
8%
DxDiagnoses
3%

Score Distribution

Percentile by Number Answered

Percent of People with Each Score

Your Score History

You have not taken this quiz since the last reset